Normal view
MARC view
Entry Personal Name
001 - CONTROL NUMBER
- control field: 264464
003 - CONTROL NUMBER IDENTIFIER
- control field: OSt
005 - DATE AND TIME OF LATEST TRANSACTION
- control field: 20220925202836.0
008 - FIXED-LENGTH DATA ELEMENTS
- fixed length control field: 220925|| aca||aabn | a|a d
040 ## - CATALOGING SOURCE
- Original cataloging agency: OSt
- Transcribing agency: OSt
100 ## - HEADING--PERSONAL NAME
- Personal name: AGARWAL Pradeep
670 ## - SOURCE DATA FOUND
- Source citation: Work cat.: (OSt)544350: AGARWAL Pradeep, Investigation into the relationship between size and profitability and persistendoy of profitability with special reference to textiles, 1985
